[Event "Mitropa Cup Open 2019"]
[Site "Radenci"]
[Date "2019.06.04"]
[Round "9.11"]
[White "Gaehwiler, Gabriel"]
[Black "Shytaj, Luca"]
[Result "0-1"]
[WhiteElo "2431"]
[BlackElo "2490"]
[Annotator "RC"]
[PlyCount "86"]
[EventDate "2019.05.27"]
[EventType "team-tourn"]
[EventCountry "SLO"]
[SourceTitle "playchess.com"]
[Source "ChessBase"]
[SourceQuality "1"]
[WhiteTeam "SUI"]
[BlackTeam "ITA"]
[WhiteTeamCountry "SUI"]
[TimeControl "40/5400+30:1800+30"]

1. d4 {[%emt 0:00:00]} Nf6 {[%emt 0:00:00]} 2. c4 {[%emt 0:00:00]} e6 {[%emt 0:00:00]} 3. Nf3 {[%emt 0:01:33]} Bb4+ {[%emt 0:00:34]} 4. Bd2 {[%emt 0:00:05]} a5 {[%emt 0:00:12]} 5. g3 {[%emt 0:08:04]} d6 {[%emt 0:00:55]} 6. Bg2 {[%emt 0:00:55]} Nbd7 {[%emt 0:00:29]} 7. O-O {[%emt 0:04:26]} e5 {[%emt 0:00:37]} 8. e3 {[%emt 0:05:45]} Bxd2 {[%emt 0:13:03]} 9. Qxd2 {[%emt 0:00:40]} O-O {[%emt 0:01:11]} 10. Nc3 {[%emt 0:01:15]} Re8 {[%emt 0:03:03]} 11. e4 {[%emt 0:00:43]} c6 {[%emt 0:05:47]} 12. Rfe1 {[%emt 0:13:18]} a4 {[%emt 0:04:41]} 13. b3 {[%emt 0:19:24]} axb3 {[%emt 0:03:15]} 14. axb3 {[%emt 0:01:25]} Rxa1 {[%emt 0:00:10]} 15. Rxa1 {[%emt 0:00:03]} Qb6 {[%emt 0:00:29]} 16. Rb1 {[%emt 0:02:30]} Qb4 {[%emt 0:06:47]} 17. d5 {[%emt 0:04:08]} h6 {[%emt 0:15:04]} 18. Ne1 {[%emt 0:03:39]} cxd5 {[%emt 0:02:17]} 19. Nc2 {[%emt 0:02:02]} Qb6 {[%emt 0:00:55]} 20. cxd5 {[%emt 0:03:01]} Nf8 {[%emt 0:03:54]} 21. Na3 {[%emt 0:08:00]} Bd7 {[%emt 0:03:38]} 22. Nc4 {[%emt 0:02:29]} Qc7 {[%emt 0:01:51]} 23. Rc1 {[%emt 0:04:31]} b5 {[%emt 0:02:27]} 24. Ne3 {[%emt 0:00:59]} Qb6 {[%emt 0:01:27]} 25. Ne2 {[%emt 0:04:22]} Ra8 {[%emt 0:03:40]} 26. h3 {[%emt 0:01:52]} h5 {[%emt 0:00:59]} 27. Qb4 {[%emt 0:01:15]} Ra2 {[%emt 0:01:12]} 28. Rc2 {[%emt 0:03:07]} Rxc2 {[%emt 0:02:42]} 29. Nxc2 {[%emt 0:00:01]} h4 {[%emt 0:00:08]} 30. g4 {[%emt 0:01:18]} Ng6 {[%emt 0:03:01]} 31. Ne3 {[%emt 0:00:59]} Qc7 {[%emt 0:04:46]} 32. Nf5 {[%emt 0:01:06]} Nf4 {[%emt 0:03:30]} 33. Nxf4 {[%emt 0:00:31]} Qc1+ {[%emt 0:02:38]} 34. Kh2 {[%emt 0:02:41]} Qxf4+ {[%emt 0:00:21]} 35. Kg1 {[%emt 0:00:01]} Bxf5 {[%emt 0:01:01]} 36. gxf5 {[%emt 0:00:02]} Qc1+ {[%emt 0:06:36]} 37. Bf1 {[%emt 0:00:19]} Qc2 {[%emt 0:02:03]} 38. Qxd6 {[%emt 0:00:34]} Qxf2+ {[%emt 0:00:57]} 39. Kxf2 {[%emt 0:00:04]} Nxe4+ {[%emt 0:00:02]} 40. Kf3 {[%emt 0:00:00]} Nxd6 {[%emt 0:00:00]} 41. Kg4 {[%emt 0:16:55]} b4 {[%emt 0:03:04]} 42. Bd3 {[%emt 0:02:29]} Kf8 {[%emt 0:01:08]} 43. Kxh4 {[%emt 0:02:52]} e4 {[%emt 0:01:07]} 0-1

[Event "Mitropa Cup Open 2019"]
[Site "Radenci"]
[Date "2019.06.04"]
[Round "9.12"]
[White "Di Benedetto, Edoardo"]
[Black "Stijve, Theo"]
[Result "1/2-1/2"]
[WhiteElo "2404"]
[BlackElo "2310"]
[Annotator "TA"]
[PlyCount "75"]
[EventDate "2019.05.27"]
[EventType "team-tourn"]
[EventCountry "SLO"]
[SourceTitle "playchess.com"]
[Source "ChessBase"]
[SourceQuality "1"]
[WhiteTeam "Italy"]
[BlackTeam "Switzerland"]
[WhiteTeamCountry "ITA"]
[BlackTeamCountry "SUI"]

{[%evp 13,75,-12,19,0,14,0,0,13,16,-12,-11,0,-15,-11,-11,-6,0,0,14,-9,-10,-14,0,0,0,-5,-6,-16,-17,-18,-7,-12,3,0,0,0,0,0,0,0,0,0,0,0,0,0,0,0,0,0,1,0,0,0,0,0,0,0,0,0,0,0,0,0]} 1. d4 Nf6 2. c4 g6 3. g3 $146 ({Predecessor:} 3. Nf3 Bg7 4. g3 c6 5. Bg2 {0-1 (54) Cheparinov,I (2709)-Artemiev,V (2709) Skopje 2018}) 3... c6 4. Bg2 d5 5. Nf3 Bg7 6. O-O O-O 7. Qb3 a5 {The position is equal.} 8. cxd5 {D78: Fianchetto Grünfeld: 6 0-0 c6} a4 9. Qd1 cxd5 10. Nc3 Ne4 11. Nxa4 Qa5 12. Nc3 Nxc3 13. bxc3 Qxc3 14. Bd2 Qa3 15. Qb3 Nc6 16. Qxd5 Rd8 17. Qb5 Nxd4 18. Nxd4 Bxd4 19. Bb4 Qa4 20. Qxa4 Rxa4 21. Bxe7 Re8 22. Rac1 Bg4 23. e3 Rxe7 24. exd4 Rxd4 25. Rb1 Ra4 26. Rb2 Be6 27. Ra1 Rc7 28. Bxb7 Rxa2 29. Raxa2 Bxa2 $11 {[%mdl 4096] Endgame KRB-KRB} 30. f4 Rc1+ 31. Kf2 Rb1 (31... Be6 {is interesting.} 32. Be4 Kg7 33. h4 Rc5 34. Rb8 Bf5) 32. Rxa2 {[#] Threatens to win with Ra7.} Rxb7 {KR-KR} 33. g4 Kg7 34. Ra5 Rb3 35. Re5 h6 36. Re3 Rb5 37. Ra3 h5 38. h3 {Accuracy: White = 70%, Black = 84%.} 1/2-1/2

[Event "Mitropa Cup Open 2019"]
[Site "Radenci"]
[Date "2019.06.04"]
[Round "9.13"]
[White "Sebenik, Matej"]
[Black "Nguyen, Thai Dai Van"]
[Result "1/2-1/2"]
[WhiteElo "2522"]
[BlackElo "2548"]
[Annotator "TA"]
[PlyCount "67"]
[EventDate "2019.05.27"]
[EventType "team-tourn"]
[EventCountry "SLO"]
[SourceTitle "playchess.com"]
[Source "ChessBase"]
[SourceQuality "1"]
[WhiteTeam "Slovenia"]
[BlackTeam "Czech Republic"]
[WhiteTeamCountry "SLO"]
[BlackTeamCountry "CZE"]

{[%evp 20,67,23,17,14,13,14,7,6,6,10,16,19,10,20,8,7,8,12,0,19,0,0,0,0,0,0,0,0,0,0,0,0,0,0,0,0,0,0,0,0,0,0,0,0,0,0,0,0,0]} 1. Nf3 Nf6 2. c4 e6 3. d4 d5 4. Nc3 c5 5. cxd5 Nxd5 6. e4 Nxc3 7. bxc3 cxd4 8. cxd4 Bb4+ 9. Bd2 Bxd2+ 10. Qxd2 O-O 11. Rc1 b6 {The position is equal. D41: Queen's Gambit Declined: Semi-Tarrasch with 5 cxd5} 12. Bd3 Bb7 13. O-O (13. Qe3 Nc6 14. O-O Rc8 15. Bb1 Qe7 16. Rfd1 Na5 17. h4 Rxc1 18. Rxc1 Rc8 19. Rxc8+ Bxc8 {½-½ (29) Nakamura,H (2746)-Dominguez Perez,L (2739) Saint Louis 2019}) 13... Nd7 {[%cal Bb8d7,Bd7f6,Bf6e8,Be8d6,Bd6b7,Bb7a5][%mdl 32]} 14. Qe3 Nf6 15. Ne5 Qe7 16. f3 Rac8 17. Bb5 Rfd8 18. a4 Ne8 19. h3 $146 ({Predecessor:} 19. Rfd1 Rxc1 20. Rxc1 {½-½ (29) Dehaybe,A (2132)-Janosi,E (2120) LSS email 2011}) 19... Nd6 20. Nc6 Bxc6 $1 21. Bxc6 Nb7 22. e5 Na5 23. Bb5 Qb7 24. Kh2 Qd5 25. Rxc8 Rxc8 26. Rc1 Rxc1 27. Qxc1 {[#] Qc8+ would kill now.} g6 28. Qc3 Kg7 29. h4 h6 30. Kh3 Qd8 31. Bd3 Qd7 32. Bb5 Qd8 33. Ba6 Qd7 34. Bb5 {Accuracy: White = 69%, Black = 95%.} 1/2-1/2

[Event "Mitropa Cup Open 2019"]
[Site "Radenci"]
[Date "2019.06.04"]
[Round "9.14"]
[White "Vykouk, Jan"]
[Black "Tomazini, Zan"]
[Result "1/2-1/2"]
[WhiteElo "2451"]
[BlackElo "2378"]
[Annotator "TA"]
[PlyCount "165"]
[EventDate "2019.05.27"]
[EventType "team-tourn"]
[EventCountry "SLO"]
[SourceTitle "playchess.com"]
[Source "ChessBase"]
[SourceQuality "1"]
[WhiteTeam "Czech Republic"]
[BlackTeam "Slovenia"]
[WhiteTeamCountry "CZE"]
[BlackTeamCountry "SLO"]

{[%evp 11,165,56,54,32,46,41,62,35,18,17,56,46,40,-49,-7,-62,-48,-132,-148,-153,-147,-152,-152,-155,-150,-137,-37,-31,-25,-27,-29,-91,-34,-33,-33,-24,-32,-104,-109,-222,-216,-227,-208,-235,-217,-275,-281,-271,-266,-297,-284,-356,-316,-314,-320,-419,-338,-350,-357,-466,-527,-516,-509,-474,-372,-502,-421,-383,-327,-405,-360,-330,-185,-185,-175,-176,-164,-286,-287,-286,-273,-247,-256,-239,-161,-237,-210,-290,-294,-329,-310,-360,-352,-739,-708,-843,-838,-692,-828,-797,-806,-762,-741,-707,-634,-1075,-12,-12791,-12363,-4627,-989,-989,-989,-989,-980,-646,-610,-509,-424,-319,0,0,0,0,0,0,0,0,0,0,0,0,0,0,0,-374,0,0,0,0,0,0,0,0,0,0,0,0,0,0,0,0,0,0,0,0]} 1. e4 c5 2. Nf3 d6 3. d4 cxd4 4. Nxd4 Nf6 5. Nc3 g6 6. Be3 a6 7. f3 {B72: Sicilian Dragon: 6 Be3, lines with h3+Bc4 and sidelines} h5 (7... b5 8. Qd2 Bb7 9. g4 h6 10. O-O-O Nbd7 11. h4 Rc8 12. Bd3 b4 13. Nce2 e5 14. Nb3 d5 15. exd5 Nxd5 {1-0 (33) Caruana,F (2817)-Shabalov,A (2556) Saint Louis 2017}) 8. Qd2 Bg7 9. O-O-O {White is slightly better.} b5 10. Nd5 Nxd5 11. exd5 Nd7 $146 ({Predecessor:} 11... Bb7 12. f4 Nd7 13. f5 gxf5 14. Nxf5 Bf6 15. Qf2 Qc7 16. Rg1 {½-½ (54) Rozman,M (2125)-Sahin,H (1736) Bad Blankenburg 2018}) 12. g4 (12. Nc6 $14 Qc7 13. Bg5) 12... Ne5 13. gxh5 (13. f4 $1 $11 Nxg4 14. Nc6) 13... Rxh5 $15 14. Nc6 (14. h4 $15) 14... Nxc6 $17 15. dxc6 Qc7 16. Bg2 Bh3 $1 (16... Qxc6 $6 17. f4 $11) 17. Bxh3 Rxh3 18. Rhe1 Rxf3 (18... Qxc6 $17 19. Bg5 f6) 19. Bg5 $15 Bf6 20. Bxf6 Rxf6 21. Qd4 O-O-O (21... Kf8 $17 22. Rf1 e5) 22. a4 d5 23. axb5 axb5 24. Qg4+ ({White should play} 24. Qh4 $15) 24... e6 $17 25. Kb1 (25. Rf1 $17 Rxf1 26. Rxf1) 25... Rf4 (25... Qxh2 26. Qd4 $11) 26. Qg5 Rf5 27. Qe3 Rd6 28. Rd3 Rxc6 29. Ra3 Qb6 (29... Rxc2 $2 30. Ra8+ Kd7 31. Ra7 $18) 30. Qh6 Kd7 31. c3 Rc8 32. Rd1 Qf2 33. Rd4 Qg1+ 34. Ka2 Rf1 35. Ra7+ Kc6 36. Kb3 Kb6 37. Ra3 {[#]} Rf3 $1 38. Qd2 Rc4 39. Rd3 Qf2 40. Qd1 Rff4 41. Ra8 {If White can now play Rxd5! this consolidates a bit.} Kb7 (41... Kc6 $142 42. h3 Rce4) 42. Rxd5 $19 {[#]} Rb4+ $1 {[%mdl 512]} 43. cxb4 Qf3+ {[%mdl 64] Double Attack} 44. Rd3 (44. Qxf3 $142 Rxf3+ 45. Kc2 exd5 46. Re8) 44... Qxd1+ 45. Rxd1 Rf3+ ({But not} 45... Kxa8 46. Rd7 $17) 46. Kc2 Kxa8 {[%mdl 4096] Endgame KR-KR} 47. Rd7 Kb8 48. Kd2 (48. h4 {was necessary.}) 48... Kc8 49. Ra7 g5 50. Ke2 Rf4 51. Ke3 f5 (51... Rxb4 $2 52. Rxf7 Rxb2 53. Rh7 $17) 52. h3 $2 (52. Re7 Re4+ 53. Kd3) 52... Rxb4 53. Rg7 Rxb2 54. Kd4 Rb3 55. Ke5 Re3+ 56. Kd6 b4 57. Rxg5 b3 58. h4 b2 $2 (58... Rd3+ $19 59. Kxe6 b2) 59. Rg1 $2 {[%mdl 8192]} (59. Rg8+ $11 Kb7 60. Rg1) 59... Rb3 60. Rb1 Rb6+ (60... f4 $142 61. Kc5 Kd7) 61. Kc5 Kc7 62. h5 Rc6+ 63. Kd4 Kd6 64. Rxb2 e5+ 65. Kd3 Ke6 $2 ({Black should try} 65... Ke7 $19 66. Rh2 Rh6) 66. h6 Rd6+ 67. Ke3 f4+ 68. Ke4 Rd4+ 69. Kf3 Rd3+ 70. Kg4 Rg3+ 71. Kh4 Rg1 72. Kh3 Kf6 {And now ...Kg6 would win.} ({Don't do} 72... Rh1+ 73. Kg2 $17) 73. Rb8 $2 {[%mdl 8192] [#]} (73. Rb7 $1 $11 {and White stays safe.}) 73... Rh1+ $2 (73... Kf5 $1 $19 {Hoping for ...Rh1+.} 74. Rh8 Ke4) 74. Kg4 $11 {The position is equal.} Rxh6 75. Rb6+ Kg7 76. Rb7+ Kf8 {Strongly threatening ...Rh1.} (76... Kf6 $5 77. Rb6+ $8 Kg7 78. Rb7+ Kg8 $11) 77. Kf5 Rh5+ 78. Kg6 Rh1 {White must now prevent ...Ke8.} 79. Kf6 {[%cal Rb7b8]} Ke8 {...f3 is the strong threat.} 80. Kxe5 f3 {( -> ...f2)} 81. Rb2 Re1+ 82. Kf4 Re2 83. Rb8+ {Accuracy: White = 44%, Black = 64%.} 1/2-1/2

[Event "Mitropa Cup Open 2019"]
[Site "Radenci"]
[Date "2019.06.04"]
[Round "9.15"]
[White "Janzelj, Tim"]
[Black "Kraus, Tomas"]
[Result "1/2-1/2"]
[WhiteElo "2384"]
[BlackElo "2463"]
[Annotator "TA"]
[PlyCount "108"]
[EventDate "2019.05.27"]
[EventType "team-tourn"]
[EventCountry "SLO"]
[SourceTitle "playchess.com"]
[Source "ChessBase"]
[SourceQuality "1"]
[WhiteTeam "SLO"]
[BlackTeam "CZE"]
[BlackTeamCountry "CZE"]

{[%evp 9,108,-12,-20,-40,-31,-65,-44,-76,-64,-65,-53,-101,-70,-91,-74,-84,-85,-68,-73,-77,-72,-99,-84,-83,-72,-165,-42,-49,-52,-52,-43,-58,-39,-79,-36,-50,-19,-25,0,0,0,-28,-10,-61,-47,-81,-87,-70,-81,-66,-54,-108,-114,-116,-96,-110,-74,-78,0,0,0,0,0,0,0,0,0,0,0,0,22,22,33,0,0,0,25,0,0,0,20,18,67,39,41,0,0,0,8,8,8,8,8,8,8,8,8,10,14,10,10]} 1. Nf3 d5 2. c4 d4 3. e3 Nc6 4. b4 dxe3 5. fxe3 Nxb4 (5... e5 6. b5 Nb4 7. Nc3 Bf5 8. e4 Bg4 9. a3 Bxf3 10. gxf3 Nd3+ 11. Bxd3 Qxd3 12. Qe2 {1-0 (30) Iturrizaga Bonelli,E (2636)-Xiong,J (2651) chess.com INT 2018}) 6. d4 {[#] A09: Réti Opening: 1 Nf3 d5 2 c4} e5 $1 {[%mdl 512]} 7. a3 (7. dxe5 Bf5) 7... Nc6 8. Be2 {Black is slightly better.} e4 9. Nfd2 f5 10. O-O g6 $146 ({Predecessor:} 10... Qh4 11. c5 Nf6 12. Nc3 {1-0 (47) Christiansen,J (2404)-Rajkovic,M (2286) Prague 2016}) 11. Qb3 Bg7 $36 {[%mdl 2048] Black is in control.} ({But not} 11... Nxd4 $6 12. exd4 Bg7 13. Bb2 $14) 12. Bb2 Nf6 13. d5 Nb8 14. c5 O-O 15. Nc3 Nbd7 16. Na4 Kh8 17. Rfd1 (17. Rac1 $17) 17... Qe7 (17... c6 $19 18. Bc4 cxd5 19. Bxd5 Nxd5 20. Bxg7+ Kxg7 21. Qxd5 Nf6) 18. d6 $15 cxd6 19. cxd6 Qxd6 {[#]} 20. Nxe4 $1 {[%mdl 512]} Qe7 $1 (20... fxe4 21. Rxd6) 21. Nd6 Ne5 22. Nc5 b6 23. Nxc8 Raxc8 24. Ne6 Rfe8 25. Nxg7 Kxg7 26. h3 (26. a4 $11) 26... Ned7 {[%cal Be5d7,Bd7c5,Bc5e4][%mdl 32]} 27. Bb5 Nc5 28. Qc3 Qxe3+ 29. Qxe3 Rxe3 30. Rd6 ({White should try} 30. a4 $1 $15) 30... Nce4 $17 31. Rd7+ Kh6 32. Rf7 Rb3 33. Ba6 Rxb2 ({Black should play} 33... Rc6 $17 34. Be5 b5 35. Rxa7 Nc5) 34. Bxc8 $11 Nh5 35. Bb7 Nd6 36. Rd7 Nxb7 37. Rxb7 {[%mdl 4096] Endgame KRR-KRN} a5 38. Rc1 Nf4 39. Rf1 Kg5 ({Much weaker is} 39... Rxg2+ $6 40. Kh1 $16) 40. Rf2 Rb3 41. Rf3 {[%mdl 1024] White has compensation.} Rb2 42. Rf2 Rb3 43. Rf3 Rb2 44. Rf2 Rb1+ 45. Kh2 h6 46. Rd2 (46. Rd7 $5 {[%cal Rh3h4]} Ne6 47. Rdd2 $11) 46... Rb3 47. g3 Nh5 {The position is equal.} 48. Rd6 Rxg3 49. Rbxb6 Rxa3 50. Rxg6+ {[%mdl 64] Double Attack} Kh4 51. Rxh6 Rxh3+ 52. Kg2 {aiming for Rxh5+!} Rg3+ 53. Kf2 {Threatens to win with Rxh5+!} Rg5 54. Rb5 f4 {Accuracy: White = 41%, Black = 63%.} 1/2-1/2

[Event "Mitropa Cup Open 2019"]
[Site "Radenci"]
[Date "2019.06.04"]
[Round "9.16"]
[White "Miesbauer, Jan"]
[Black "Subelj, Jan"]
[Result "1/2-1/2"]
[WhiteElo "2407"]
[BlackElo "2407"]
[Annotator "TA"]
[PlyCount "61"]
[EventDate "2019.05.27"]
[EventType "team-tourn"]
[EventCountry "SLO"]
[SourceTitle "playchess.com"]
[Source "ChessBase"]
[SourceQuality "1"]
[WhiteTeam "Czech Republic"]
[BlackTeam "Slovenia"]
[WhiteTeamCountry "CZE"]
[BlackTeamCountry "SLO"]

{[%evp 18,61,31,33,25,37,34,0,5,5,2,-7,-14,-8,14,0,27,29,37,19,29,31,30,39,35,37,25,22,70,13,89,100,73,70,104,114,88,0,0,0,0,0,0,0,0,0]} 1. e4 e5 2. Nf3 Nc6 3. Bb5 g6 4. O-O Bg7 5. c3 a6 6. Ba4 d6 7. h3 Nf6 8. Re1 O-O 9. d4 Bd7 10. Nbd2 Re8 {C60: Ruy Lopez: Unusual Black 3rd moves and 3...g6} (10... h6 11. Nf1 Re8 12. Ng3 b5 13. Bc2 exd4 14. cxd4 Nb4 15. Bb1 c5 16. d5 a5 17. a3 Na6 18. Bf4 {1-0 (57) Ivanchuk,V (2726)-Mamedyarov,S (2799) Huaian 2017}) 11. Bc2 b5 12. d5 $146 ({Predecessor:} 12. Nf1 Na5 13. b3 c5 14. d5 Nh5 15. Bg5 Qc7 16. Ng3 {0-1 (50) Inarkiev,E (2693)-Alonso Rosell,A (2524) Sitges 2018}) 12... Ne7 13. b3 c6 14. c4 cxd5 15. cxd5 Nh5 16. Nf1 h6 17. a4 Nf4 18. Be3 Qc7 19. Rc1 Qb7 20. Qd2 g5 21. Qb4 Qb8 22. a5 f5 23. Rcd1 (23. Bxf4 $14 gxf4 24. Nh4) 23... Nxg2 (23... Nxh3+ $11 {keeps the balance.} 24. gxh3 f4) 24. Kxg2 $16 f4 {[#]} 25. Bb6 $1 Qc8 {[#]} 26. Ng1 $1 {aiming for Rc1.} Ng6 {[%cal Be7g6,Bg6h4,Bh4f3][%mdl 32]} 27. Rc1 ({Wrong is} 27. Qxd6 $2 Bxh3+ 28. Kh2 (28. Nxh3 $2 Nh4+ 29. Kh2 Qg4 $19) 28... Qg4 $19) (27. Rd2 $16) 27... Bxh3+ $11 {The position is equal.} 28. Nxh3 Nh4+ 29. Kh2 Nf3+ (29... Qg4 $5 30. Ng3 $8 fxg3+ 31. fxg3 Nf3+ {[%mdl 64] Double Attack} 32. Kg2 Nh4+ 33. Kh2 Nf3+ {[%mdl 64] Double Attack} 34. Kg2 Nh4+ 35. Kh2 $11) 30. Kg2 Nh4+ 31. Kh2 {Accuracy: White = 47%, Black = 50%.} 1/2-1/2

[Event "Mitropa Cup Open 2019"]
[Site "Radenci"]
[Date "2019.06.04"]
[Round "9.17"]
[White "Dragnev, Valentin"]
[Black "Perske, Thore"]
[Result "1/2-1/2"]
[WhiteElo "2521"]
[BlackElo "2456"]
[Annotator "TA"]
[PlyCount "64"]
[EventDate "2019.05.27"]
[EventType "team-tourn"]
[EventCountry "SLO"]
[SourceTitle "playchess.com"]
[Source "ChessBase"]
[SourceQuality "1"]
[WhiteTeam "Austria"]
[BlackTeam "Germany"]
[WhiteTeamCountry "AUT"]
[BlackTeamCountry "GER"]

{[%evp 14,64,59,52,44,48,42,42,36,44,37,42,51,44,54,39,51,44,68,43,69,53,52,43,54,53,48,60,106,43,91,93,112,104,99,44,71,37,64,68,52,29,67,53,75,0,0,-140,-81,-165,-102,-124,-110]} 1. d4 Nf6 2. c4 g6 3. Nc3 Bg7 4. e4 d6 5. f3 O-O 6. Be3 a6 7. Qd2 Nc6 8. Nge2 Na5 {E83: King's Indian: Sämisch Panno (6...Nc6): Lines without either Nge2 or Qd2} 9. Nc1 Nd7 10. Rb1 (10. Nb3 c5 11. dxc5 Nxb3 12. axb3 Nxc5 13. Ra3 Be6 14. b4 Nd7 15. Be2 Rc8 16. Nd5 {½-½ (52) Santos Latasa,J (2582)-Kovalev,V (2703) Skopje 2019}) 10... c5 {White is slightly better.} 11. dxc5 dxc5 12. Nb3 Nxb3 13. axb3 e6 14. h4 b6 $146 ({Predecessor:} 14... h5 15. Rd1 Qb6 16. f4 Qxb3 {½-½ (46) Biedermann,T (2409)-Dorner,J (2460) ICCF email 2015}) 15. Rd1 Qe7 16. Be2 Rd8 17. Bg5 $36 {[%mdl 2048] White fights for an advantage.} f6 18. Bf4 {And now Nd5! would win.} Bb7 19. Bc7 Rdc8 20. Bd6 Qf7 21. f4 (21. h5 $1 $16) 21... Re8 22. h5 f5 23. e5 Bxg2 24. Rh2 (24. Rg1 $16 Bc6 25. hxg6 hxg6 26. Qe3) 24... Bc6 $1 $14 25. Kf2 {[%mdl 1024] White has strong compensation.} Rad8 26. Qe3 Nf8 $1 27. Qh3 Rd7 28. Bf3 Bxf3 29. Kxf3 (29. Qxf3 $16 gxh5 30. Na4) 29... Red8 30. Rhd2 (30. hxg6 $1 $11 {keeps the balance.} hxg6 31. Kg2) 30... g5 ({Black should try} 30... gxh5 31. Qg3 Ng6) 31. Qh2 {[#]} (31. Kf2 $17) 31... Bh6 (31... h6 $1 $19 32. fxg5 hxg5) 32. Rg2 g4+ {Accuracy: White = 48%, Black = 44%.} 1/2-1/2

[Event "Mitropa Cup Open 2019"]
[Site "Radenci"]
[Date "2019.06.04"]
[Round "9.18"]
[White "Kunin, Vitaly"]
[Black "Blohberger, Felix"]
[Result "1/2-1/2"]
[WhiteElo "2518"]
[BlackElo "2475"]
[Annotator "TA"]
[PlyCount "63"]
[EventDate "2019.05.27"]
[EventType "team-tourn"]
[EventCountry "SLO"]
[SourceTitle "playchess.com"]
[Source "ChessBase"]
[SourceQuality "1"]
[WhiteTeam "GER"]
[BlackTeam "AUT"]
[BlackTeamCountry "AUT"]

{[%evp 20,63,12,21,24,27,26,32,26,15,25,17,19,12,15,8,10,4,4,4,18,4,20,13,12,0,34,0,0,0,0,0,0,0,0,0,0,0,0,0,0,0,0,0,0,0]} 1. Nf3 d5 2. g3 Bg4 3. Bg2 Nd7 4. d4 e6 5. O-O c6 6. Nbd2 Ngf6 7. Re1 Be7 8. e4 dxe4 9. Nxe4 O-O 10. c3 Nxe4 11. Rxe4 Bxf3 {D02: 1 d4 d5 2 Nf3 sidelines, including 2...Nf6 3 g3 and 2...Nf6 3 Bf4} 12. Bxf3 Bg5 13. Bxg5 Qxg5 {[#] White is slightly better.} 14. h4 $146 ({Predecessor:} 14. Qb3 Rab8 15. Re3 Qa5 16. Rae1 Qb6 17. Kg2 Rfd8 18. Qc2 Nf6 19. Re5 Nd7 20. R5e2 Nf6 21. Re5 {½-½ (21) Miroshnichenko,E (2620)-Grachev,B (2683) Denizli 2013}) 14... Qb5 15. Re2 a5 16. a4 Qb6 17. Qc2 Rad8 18. Rd1 Nf6 19. Kg2 Rd6 20. Red2 h5 21. Re2 g6 22. Re5 Kg7 23. Rde1 Qc7 {The position is equal.} 24. Qc1 b6 25. Bxh5 Nxh5 {[#]} 26. Rxh5 $1 {[%mdl 512]} gxh5 27. Qg5+ {[%mdl 64] Double Attack} Kh7 28. Qxh5+ Kg7 29. Qg5+ Kh7 {[#] Threatens to win with ...Rd5.} 30. Qh5+ Kg7 {White must now prevent ...Rd5.} 31. Qg4+ Kh7 {And now ...Rd5 would win.} (31... Kh8 $5 32. Qh5+ $8 Kg8 33. Qg4+ Kh8 34. Qh5+ Kg7 $11) 32. Qh5+ {Accuracy: White = 48%, Black = 58%.} 1/2-1/2

[Event "Mitropa Cup Open 2019"]
[Site "Radenci"]
[Date "2019.06.04"]
[Round "9.19"]
[White "Mesaros, Florian"]
[Black "Lagunow, Raphael"]
[Result "1/2-1/2"]
[WhiteElo "2439"]
[BlackElo "2420"]
[Annotator "TA"]
[PlyCount "188"]
[EventDate "2019.05.27"]
[EventType "team-tourn"]
[EventCountry "SLO"]
[SourceTitle "playchess.com"]
[Source "ChessBase"]
[SourceQuality "1"]
[WhiteTeam "Austria"]
[BlackTeam "Germany"]
[WhiteTeamCountry "AUT"]
[BlackTeamCountry "GER"]

{[%evp 9,188,-4,0,0,0,0,2,0,0,0,5,6,15,0,0,0,20,20,29,10,61,66,62,64,63,68,78,31,75,68,80,77,78,76,77,83,118,120,124,117,147,147,137,137,147,145,146,144,152,159,143,135,152,128,135,133,146,96,97,81,131,135,117,88,84,89,137,8,80,55,55,8,8,8,8,8,8,8,8,8,8,8,8,8,16,16,39,16,78,0,0,0,9,10,10,0,0,0,0,0,0,0,0,0,0,0,0,0,0,0,0,0,0,0,0,0,0,0,0,0,0,0,0,0,0,0,0,0,0,0,0,0,0,0,0,0,0,0,0,0,0,0,0,0,0,0,0,0,0,0,0,0,0,0,0,0,0,0,0,0,0,0,0,0,0,0,0,0,0,0,0,0,0,0,0,0,0,0,0,0,0]} 1. e4 c5 2. b3 g6 3. Bb2 Nf6 4. e5 Nd5 5. g3 Bg7 6. Bg2 {B20: Sicilian: Unusual White 2nd moves} Nc7 7. f4 Nc6 8. Nf3 d6 9. O-O O-O 10. Na3 $146 ({Predecessor:} 10. Qe1) 10... Rb8 11. Nc4 d5 12. Na3 d4 13. c3 f6 14. cxd4 Nxd4 (14... Bg4 $11) 15. Nxd4 $14 cxd4 16. exf6 Bxf6 17. Nc4 Be6 18. Ne5 Bd5 19. Re1 Bxg2 20. Kxg2 Qd5+ 21. Qf3 Rfd8 22. Rac1 Rbc8 23. Rc4 Qxf3+ 24. Kxf3 Ne6 25. Nxg6 $1 {[%mdl 64] [#] Discovered Attack} hxg6 26. Rxe6 Kf7 27. Re4 Rxc4 28. bxc4 $16 {[%mdl 4096] Endgame KRB-KRB} Rd6 29. d3 Ra6 30. a3 Rb6 31. Bxd4 Rb3 32. Bxf6 Kxf6 {KR-KR} 33. Re3 Rxa3 34. g4 b5 35. cxb5 Rb3 36. d4 Rxb5 37. h4 Rb1 {[#]} 38. Ra3 (38. Re5 $1 $16) 38... Rd1 (38... Rf1+ $11 39. Ke4 Re1+ 40. Re3 Rh1) 39. Ra6+ Kf7 40. Ke3 Rh1 41. Rxa7 {And now d5 would win.} Rxh4 42. g5 Rh1 43. d5 {next d6 is good for White.} Rd1 44. Ke4 Kf8 45. Ra4 Kf7 46. Ke5 Re1+ 47. Re4 Rd1 48. Re2 Ra1 (48... Rf1 $11 {remains equal.}) 49. Rf2 (49. Rc2 $16) 49... Re1+ $11 {The position is equal.} 50. Kd4 Rd1+ 51. Ke4 e6 52. dxe6+ Kxe6 53. Re2 Rf1 54. Re3 Ra1 55. Kf3+ Kf7 56. Rb3 Ra4 57. Rb7+ Kg8 58. Ke3 Kf8 59. Rd7 Rb4 60. Rd8+ Kf7 61. Rd7+ Kf8 62. Rd6 Kf7 63. Rf6+ Kg7 64. Ra6 Kf7 65. Ra7+ Kf8 66. Rc7 Kg8 67. Rd7 Kf8 68. Rd6 Kf7 69. Rd4 Rb1 70. Rd7+ Kf8 71. Ke4 Re1+ 72. Kd5 Re2 73. Rd6 Kf7 74. Rd7+ (74. f5 $5 {[%cal Rd6f6]} Rd2+ 75. Ke5 Rxd6 76. Kxd6 gxf5 77. Ke5 $11) 74... Kf8 75. Kc5 Rc2+ 76. Kd6 Re2 77. Kd5 Re1 78. Ra7 Kg8 79. Ra4 Kf7 80. Rd4 (80. f5 $5) 80... Re2 81. Kd6 Re6+ 82. Kd7 Re7+ 83. Kd8 {Rd7 is the strong threat.} Re8+ 84. Kc7 Re1 85. Rd6 Re4 86. Rf6+ Kg7 87. Kd6 Re1 88. Re6 Rd1+ (88... Ra1 {looks sharper.} 89. Ke5 Re1+ 90. Kd6) 89. Ke7 Rd4 90. Rf6 Re4+ 91. Kd7 Rd4+ 92. Ke7 Re4+ 93. Kd7 Rd4+ 94. Ke7 Re4+ {Accuracy: White = 60%, Black = 68%.} 1/2-1/2